Statistics for Song to Artist #2

Click here to take the quiz!

General Stats

  • This quiz has been taken 9 times
  • The average score is 6 of 15

Answer Stats

SongArtist% Correct
See You AgainCharlie Puth ft. Wiz Khalifa
89%
Cake By The OceanDNCE
78%
PillowtalkZayn
78%
7 YearsLukas Graham
67%
I Took A Pill In IbizaMike Posner
67%
Just Like FirePink
56%
H.O.L.Y.Florida Georgia Line
33%
CloseNick Jonas ft. Tove Lo
33%
Wild ThingsAlessia Cara
22%
Piece by PieceKelly Clarkson
22%
Lost BoyRuth B
11%
Humble and KindTim McGraw
11%
Never Forget YouZara Larsson and MNEK
11%
Huntin', Fishin' and Lovin' Every DayLuke Bryan
0%
T- ShirtThomas Rhett
0%

Score Distribution

Percentile by Number Answered

Percent of People with Each Score

Your Score History

You have not taken this quiz